| 000 | 01299cam a2200289 a 4500 | ||
|---|---|---|---|
| 999 |
_c5819 _d5819 |
||
| 001 | .b13216612 | ||
| 003 | OSt | ||
| 005 | 20251118091356.0 | ||
| 008 | 140516s2014 enk 000 1 eng d | ||
| 020 |
_a9780007494187 _q(pbk.) |
||
| 040 |
_aWJB _cCC4KG _dKH8 |
||
| 042 | _anbic | ||
| 082 | _aFIC AW | ||
| 100 | 1 |
_aAw, Tash, _eauthor. |
|
| 245 | 1 | 0 |
_aFive star billionaire : _ba novel / _cTash Aw. |
| 250 | _aFourth Estate pbk. ed. | ||
| 260 |
_aLondon : _bFourth Estate, _c2014. |
||
| 300 |
_a437 p. ; _c20 cm. |
||
| 500 | _aOriginally published: 2013. | ||
| 520 | _aWelcome to Shanghai. A Restless city where old traditions collide with new ambitions - a place where anything can happen and anyone can become somebody. Factory-girl-turned-golddigger, property magnate, pop star, entrepreneur and guru: five newcomers are lured by the promise of making fortunes and remaking identities. But they find their lives converging in unpredictable ways, as the five star billionaire's lessons for success | ||
| 586 | _aLonglisted for the Man Booker prize 2013. | ||
| 650 | 0 |
_aMalaysians _zChina _vFiction. |
|
| 650 | 0 |
_aYoung adults _zChina _vFiction. |
|
| 651 | 0 |
_aChina _xCivilization _y21st century _vFiction. |
|
| 651 | 0 |
_aShanghai (China) _xSocial life and customs _vFiction. |
|
| 942 |
_2ddc _cFIC |
||